| 000 | 01181cam a2200289 i 4500 | ||
|---|---|---|---|
| 942 | _cBK | ||
| 999 |
_c504 _d504 |
||
| 001 | 18026275 | ||
| 003 | OSt | ||
| 005 | 20250420134813.0 | ||
| 008 | 140131t20132013njua b 001 0 eng c | ||
| 010 | _a 2013444478 | ||
| 020 | _a9789814520317 | ||
| 035 | _a(OCoLC)ocn849787558 | ||
| 040 |
_aYDXCP _beng _cKCST |
||
| 050 | 0 | 0 |
_aQC32 _b.A555 2013 |
| 082 |
_a530 _bAm In |
||
| 100 | 1 |
_aAmore, Paolo, _d1968- _eauthor. _94738 |
|
| 245 | 1 | 0 |
_aIntroduction to modern physics : _bsolutions to problems / _cPaolo Amore, Universidad de Colima, Mexico, John Dirk Walecka, College of William and Mary, USA. |
| 260 |
_a[Hackensack,] New Jersey : _bWorld Scientific, _c2013. |
||
| 300 |
_aviii, 326 pages L _billustrations ; _c23 cm |
||
| 500 | _a"The present book provides solutions to the over 175 problems in "Introduction to modern physics: theoretical foundations"--Page 4 of cover. | ||
| 504 | _aIncludes bibliographical references (pages 319-320) and index. | ||
| 650 | 0 |
_aPhysics _vProblems, exercises, etc. _94739 |
|
| 700 | 1 |
_aWalecka, John Dirk, _d1932- _eauthor. _94740 |
|
| 700 | 1 |
_aWalecka, John Dirk, _d1932- _tIntroduction to modern physics. _94741 |
|
| 942 | _2ddc | ||